Представление документа в формате MARC21

Поле Инд. ПП Название Значение
Тип записи a
Библиографический уровень b
001 Контрольный номер RU/IS/BASE/253815156
005 Дата корректировки 20220715140340.2
008 Кодируемые данные 20080116
040 b Код языка каталог. rus
e Правила каталог. PSBO
041 0_ a Код языка текста rus
084 a Индекс другой классификации/Индекс ББК 60.001(2)6; 66.01; 72в; 87.25
100 1_ a Автор Макаренко В. П.
q Полное имя Макаренко Виктор Павлович
245 10 a Заглавие Научно-техническая контрреволюция: актуальность идей М. К. Петрова
504 a Библиография Библиогр. ссылки. - Примеч.
520 0_ a Аннотация Статья посвящена отношениях науки и государства, политики и идеологии
600 14 a Персоналии Петров Михаил Константинович
a Персоналии Вернадский Владимир Иванович
650 04 a Основная рубрика история философии
a Основная рубрика наука
a Основная рубрика политика
a Основная рубрика политическая философия (философия политики)
a Основная рубрика социальная философия
a Основная рубрика философия
653 1_ a Ключевые слова XX век
a Ключевые слова государство
a Ключевые слова история социальной философии
a Ключевые слова Россия
a Ключевые слова СССР
773 0_ t Заглавие источника Вестник Московского университета. Серия 18, Социология и политология
d Дата издания источника 2007
g Прочая информация № 2. - С. 166 - 189
w Контрольный № источника RU/IS/BASE/242834490
901 t Тип документа b